000 00563nam a2200229Ia 4500
003 OSt
005 20220924132742.0
006 a|||||r|||| 00| 0
007 ta
008 220923b |||||||| |||| 00| 0 urd d
024 _a249663
037 _cTextual
040 _aARTS
_cARTS
_burd
041 _2urd
_aurd
082 _aO168:gx, K9
100 _aSuroor Aal Ahmad
245 0 _aJadeediyat aur adab
260 _c1969
650 _aURDU LITERATURE
942 _hO168:gx, K9
_cTEXL
_2CC
999 _c431450
_d431450